All the Geography I know by Letter-F - Statistics

General Stats
  • This quiz has been taken 109 times
  • The average score is 13 of 19
Answer Stats
Hint Answer % Correct
City in Germany Frankfurt
98%
Mountain in Japan Fuji
91%
American State Florida
90%
Country in Oceania Fiji
89%
Country in Europe Finland
89%
Country in Europe France
87%
City in Italy(Hint:Medici) Florence
85%
Region of Belgium Flanders
78%
Southern Region/city of Portugal Faro
75%
City in Morocco Fez
75%
Capital of Sierra Leone Freetown
75%
British Islands Falkland
71%
Danish Islands Faroe
69%
Alaskan City Fairbanks
65%
Brazilian City Fortaleza
54%
Bay in Canada Fundy
54%
City in Japan Fukuoka
49%
French Region French Guiana
30%
Canadian River Fraser
25%
No matching quizzes found
Score Distribution
Percent of People with Each Score
Percentile by Number Answered
Your Score History
You have not taken this quiz